<?xml version="1.0" encoding="UTF-8"?><?xml-stylesheet type="text/xsl" href="static/style.xsl"?><OAI-PMH xmlns="http://www.openarchives.org/OAI/2.0/" xmlns:xsi="http://www.w3.org/2001/XMLSchema-instance" xsi:schemaLocation="http://www.openarchives.org/OAI/2.0/ http://www.openarchives.org/OAI/2.0/OAI-PMH.xsd"><responseDate>2026-04-13T07:19:41Z</responseDate><request verb="GetRecord" identifier="oai:www.recercat.cat:2072/391668" metadataPrefix="marc">https://recercat.cat/oai/request</request><GetRecord><record><header><identifier>oai:recercat.cat:2072/391668</identifier><datestamp>2026-03-11T22:58:05Z</datestamp><setSpec>com_2072_98</setSpec><setSpec>col_2072_378192</setSpec></header><metadata><record xmlns="http://www.loc.gov/MARC21/slim" xmlns:dcterms="http://purl.org/dc/terms/" xmlns:xsi="http://www.w3.org/2001/XMLSchema-instance" xmlns:doc="http://www.lyncode.com/xoai" xsi:schemaLocation="http://www.loc.gov/MARC21/slim http://www.loc.gov/standards/marcxml/schema/MARC21slim.xsd">
   <leader>00925njm 22002777a 4500</leader>
   <datafield ind2=" " ind1=" " tag="042">
      <subfield code="a">dc</subfield>
   </datafield>
   <datafield ind2=" " ind1=" " tag="720">
      <subfield code="a">Vilaró i Güell, Miquel</subfield>
      <subfield code="e">author</subfield>
   </datafield>
   <datafield ind2=" " ind1=" " tag="260">
      <subfield code="c">2010</subfield>
   </datafield>
   <datafield ind2=" " ind1=" " tag="520">
      <subfield code="a">El propòsit de repensar l'assignatura de ciències socials dins de l'ensenyament secundari obligatori (ESO), per transformar-la en un marc coherent d'aprenentatge que doni cabuda, més enllà de la divisió habitual entre geografia i història, al conjunt de les disciplines que integren els estudis socials, porta l'autor a reflexionar sobre el paper que pot tenir la geografia en la vertebració dels nous continguts i, alhora, a plantejar la necessitat d'integrar plenament la matèria en un projecte interdisciplinari que la doti de significació i utilitat.</subfield>
   </datafield>
   <datafield ind2=" " ind1=" " tag="520">
      <subfield code="a">El propósito de repensar la asignatura de ciencias sociales dentro de la enseñanza secundaria obligatoria (ESO), para transformarla en un marco coherente de aprendizaje que dé cabida, más allá de la división habitual entre geografía e historia, al conjunto de las disciplinas que integran los estudios sociales, lleva al autor a reflexionar sobre el papel que puede desempeñar la geografía en la vertebración de los nuevos contenidos y, a la vez, a plantear la necesidad de integrar plenamente la materia a un proyecto interdisciplinario de significación y utilidad.</subfield>
   </datafield>
   <datafield ind2=" " ind1=" " tag="520">
      <subfield code="a">Le propos de repenser la matière de sciences sociales dans l'enseignement secondaire obligatoire (ESO), avec le but de la transformer en un outil cohérent d'apprentissage qui fait possible, au-delà de la division habituelle entre géographie et histoire, à l'ensemble des disciplines qu'intègrent les études sociales, conduit l'auteur à réfléchir sur le possible rôle de la géographie dans l'articulation des nouveaux contenus, et à la fois à considérer le besoin d'intégrer pleinement la matière dans un projet interdisciplinaire qui la dotera de signification et utilité.</subfield>
   </datafield>
   <datafield ind2=" " ind1=" " tag="520">
      <subfield code="a">The purpose of rethinking the course on Social Sciences taught within Mandatory Secondary Education in order to develop a coherent framework for learning that integrates social sciences and goes beyond the traditional divide between Geography and History brings the author to think about the role that Geography can play in the building of new curricular contents, and, at the same time, stress the need to integrate Geography within an interdisciplinary project that gives Geography significance and usefulness.</subfield>
   </datafield>
   <datafield tag="653" ind2=" " ind1=" ">
      <subfield code="a">Ensenyament secundari obligatori</subfield>
   </datafield>
   <datafield tag="653" ind2=" " ind1=" ">
      <subfield code="a">Geografia</subfield>
   </datafield>
   <datafield tag="653" ind2=" " ind1=" ">
      <subfield code="a">Ciències socials</subfield>
   </datafield>
   <datafield tag="653" ind2=" " ind1=" ">
      <subfield code="a">Interdisciplinarietat</subfield>
   </datafield>
   <datafield tag="653" ind2=" " ind1=" ">
      <subfield code="a">Enseñanza secundaria obligatoria</subfield>
   </datafield>
   <datafield tag="653" ind2=" " ind1=" ">
      <subfield code="a">Geografía</subfield>
   </datafield>
   <datafield tag="653" ind2=" " ind1=" ">
      <subfield code="a">Ciencias sociales</subfield>
   </datafield>
   <datafield tag="653" ind2=" " ind1=" ">
      <subfield code="a">Interdisciplinariedad</subfield>
   </datafield>
   <datafield tag="653" ind2=" " ind1=" ">
      <subfield code="a">Enseignement secondaire obligatoire</subfield>
   </datafield>
   <datafield tag="653" ind2=" " ind1=" ">
      <subfield code="a">Géographie</subfield>
   </datafield>
   <datafield tag="653" ind2=" " ind1=" ">
      <subfield code="a">Sciences sociales</subfield>
   </datafield>
   <datafield tag="653" ind2=" " ind1=" ">
      <subfield code="a">Interdisciplinaire</subfield>
   </datafield>
   <datafield tag="653" ind2=" " ind1=" ">
      <subfield code="a">Mandatory Secondary Education</subfield>
   </datafield>
   <datafield tag="653" ind2=" " ind1=" ">
      <subfield code="a">Geography</subfield>
   </datafield>
   <datafield tag="653" ind2=" " ind1=" ">
      <subfield code="a">Social Sciences</subfield>
   </datafield>
   <datafield tag="653" ind2=" " ind1=" ">
      <subfield code="a">Interdisciplinary</subfield>
   </datafield>
   <datafield ind2="0" ind1="0" tag="245">
      <subfield code="a">Una reflexió i una proposta relatives a l'ensenyament de la geografia en el marc de l'assignatura de ciències socials</subfield>
   </datafield>
</record></metadata></record></GetRecord></OAI-PMH>